Terapia diabetickej nohy

Bibliographic Details
Format: Article
Language:Slovak
PhysicalDescription:Fotogr.
ISSN:1335-4477
Subjects:

MARC

LEADER 00000nab a2200000 a 4500
001 vtls009297971
003 SK-MaSNL
005 20260304214827.0
008 140303c2008 xo wr|p|||||||000 b|slo
015 |a SNBRB2008/05  |2 snkbucl 
038 |a SNKBUCL 
040 |a SNKBUCL  |b slo  |c SNKBUCL  |e AACR2 
041 0 |a slo 
044 |a xo  |c SK 
080 |a 617.58-002.4:616.379-008.64  |2 2001 
245 0 0 |a Terapia diabetickej nohy  |c [autor] (ou) 
300 |b Fotogr. 
500 |a Článok prevzatý z Ärztemagazin. - Č. 35 (2007), s. 10-13 
650 0 7 |a diabetická noha  |2 snkbucl  |9 88617 
650 0 7 |a terapia  |2 snkbucl  |9 781 
650 0 7 |a diabetes mellitus  |2 snkbucl  |9 72741 
773 0 |t Zdravotnícke noviny  |g Roč. XIII/LVII, č. 14 (2008)  |x 1335-4477 
773 0 |t Lekárske listy  |g Č. 14 (2008), s. 7-9 
852 |a SNK  |b KIS3GCP 
958 |a MI 
999 |c 3143457  |d 3145387